Responses for Show #4727 - Tuesday, March 8, 2005

2005 Ultimate Tournament of Champions Round 1, game 20.

Contestants

[<< previous game]

Chris Ward, a foreign service officer from Johannesburg, South Africa

Elaine Zollner, a physician from Glendale, California

Mark Dawson, a business manager from Chamblee, Georgia

[next game >>]

Jeopardy! Round responses

THE ENGLISH CHANNEL
OSCAR, GRAMMY OR BOTH
ORGANIZATIONS
AUTHOR BIOS
CONSECUTIVE NUMBERS
TAKEN LITERALLY
    $200 16
a (hydrogen) balloon

Elaine
    $200 6
both

Elaine
    $200 1
Scrabble

Elaine
    $200 2
Thoreau

Chris
    $200 26
1, 2, & 3

Elaine
    $200 21
Autobahn

Mark
    $400 17
the Strait of Dover

Mark
    $400 7
Oscar

Elaine
    $400 4
Plymouth

Chris
    $400 3
Jane Austen

Mark
    $400 27
46, 47, & 48

Mark
    $400 22
a bête noire

Mark
    $600 18
Gertrude Ederle

Chris
    $600 13
(Mark: What is both?)

Grammy

MarkElaine
    $600 5
(Chris: What is the VFW?)

the American Legion

Chris
Triple Stumper
    $600 8
Eugene O'Neill

Mark
    $600 28
1898, 1899, & 1900

Mark
    $600 23
mano a mano

Elaine
    $800 19
the sleeve

Chris
    $800 14
(Elaine: What is Oscar?)

both

MarkElaine
    $800 9
(Chris: What is the B'nai B'rith?)

Hadassah

ElaineChris
    $800 10
(Franz) Kafka

Mark
    $800 29
8, 9, & 10

Mark
    $800 24
prima facie

Elaine
    $1000 20
Wight

Triple Stumper
    $1000 15
both

Chris
    $250 11
(Alex: You were wise to stick with that category, Mark. It may do you a lot of good.)
(Mark: Wise only because I hate it!)
...
(Alex: Oh, interesting wager for you.)
...
(Mark: Uh, the March of--what is the March of Dimes?)

Easter Seals

Mark
    $1000 12
Oscar Wilde

Elaine
    $1000 30
4, 5, & 6

Mark
    $1000 25
auto-da-fé

Chris

Scores at the first commercial break (after clue 15):

Mark Elaine Chris
$1,750 $2,400 $200

Scores at the end of the Jeopardy! Round:

Mark Elaine Chris
$5,550 $4,200 $2,600

Double Jeopardy! Round responses

THE CHANEL CHANNEL
CAMERA WORK
THE REIGN IN SPAIN
SUPER MARIO
STARGAZERS
BEATING AROUND THE "BUSH"
    $400 8
a purse

Chris
    $400 15
the iris

Chris
    $400 23
Juan Carlos

Elaine
    $400 5
(Mario) Puzo

Chris
    $400 21
Ptolemy

Mark
    $400 11
a bushel

Chris
    $800 9
(Mark: ...yikes.)

the little black dress

Mark
    $800 1
(Mark: What is Instamatic?)

Super-8

Mark
Triple Stumper
    $800 24
the Moors

Chris
    $800 6
(Mario) Andretti

Chris
    $800 22
Hale

Elaine
    $800 12
the Bushmen

Mark
    $1200 10
the Ritz (in Paris)

Elaine
    $1200 2
(Chris: What is a kiss?)
(Alex: No. Not a bad idea.)

a close-up

Chris
Triple Stumper
    $1200 25
Francisco Franco

Mark
    $1200 7
Mario Cuomo

Elaine
    $1200 26
David Livingstone

Triple Stumper
    $1200 16
the bushmaster

Mark
    $1600 13
(Chris: What's a jacket?)
(Elaine: What's a fragrance?)

a watch

ElaineChris
Triple Stumper
    $1600 3
(Alex: Chris, you wanna stick with it?)

a camcorder

Triple Stumper
    $1600 29
Amadeus

Mark
    $1600 19
Mario Lemieux

Elaine
    $1600 27
Tycho Brahe

Mark
    $1600 17
bushido

Chris
    $1,000 14
(Mark: Who is Yves Saint Laurent?)
(Alex: No. German. [*]. [*]. Little pony tail, looks cute.)

Karl Lagerfeld

Mark
    $2000 4
a tilt

Chris
    $3,000 30
(the House of) Bourbon

Mark
    $2000 20
Mario Lanza

Chris
    $2000 28
(Alex: [*]. Hence, [*]'s beads.)

Baily

Mark
    $2000 18
a bushing

Chris

Scores at the end of the Double Jeopardy! Round:

Mark Elaine Chris
$16,350 $7,800 $10,600

[wagering suggestions for these scores]

Final Jeopardy! Round responses

THE SCIENCE WORLD
ElaineWho is Pasteur?
$4,000
ChrisWho is Pasteur?
$5,100
MarkWho is Pasteur
$4,900
(Louis) Pasteur

Final scores:

Mark Elaine Chris
$21,250 $11,800 $15,700
Winner: $21,250 + an advance to UToC Round 2 3rd place: $5,000 2nd place: $5,000

Game dynamics:

Coryat scores:

Mark Elaine Chris
$16,600 $7,800 $10,600
20 R
(including 1 DD),
4 W
(including 2 DDs)
15 R,
2 W
16 R,
4 W

Combined Coryat: $35,000

[game clues] [game scores] [suggest correction]

Game tape date: 2005-02-09
The J! Archive is created by fans, for fans. Scraping, republication, monetization, and malicious use prohibited; this site may use cookies and collect identifying information. See terms. The Jeopardy! game show and all elements thereof, including but not limited to copyright and trademark thereto, are the property of Jeopardy Productions, Inc. and are protected under law. This website is not affiliated with, sponsored by, or operated by Jeopardy Productions, Inc. Join the discussion at JBoard.tv.